Grandes temas IFRS 2019: instrumentos financieros y consolidación. Arrendamientos y activos no corrientes. Otros

Сохранить в:
Библиографические подробности
Формат:
Язык:испанский
Опубликовано: Santiago, Chile: Legal Publishing, 2019
Редактирование:1a. ed
Серии:Contabilidad, Auditoría e IFRS
Предметы:
Метки: Добавить метку
Нет меток, Требуется 1-ая метка записи!

MARC

LEADER 00000cam a2200000 a 4500
001 UCC9816
003 CL-VaPUC
005 20220310133150.0
008 191111e20190000cl spa d
999 |c 178781  |d 178779 
020 |a 9789564000671 
040 |c Pontificia Universidad Católica de Valparaíso 
082 0 4 |a 657.48 GRA 2019  |2 21 
245 1 0 |a Grandes temas IFRS 2019: instrumentos financieros y consolidación. Arrendamientos y activos no corrientes. Otros 
250 |a 1a. ed 
260 |a Santiago, Chile:  |b Legal Publishing,  |c 2019 
300 |a 370 páginas 
490 0 |a Contabilidad, Auditoría e IFRS 
583 |a last modification  |c 20191111 01:17:00  |k cmena 
650 0 0 |a Contabilidad financiera  |9 307017 
650 0 0 |a Estados financieros  |2 CL-VaPUC  |9 307202 
650 0 0 |a Control de costos  |2 CL-VaPUC  |9 263895 
942 |c BK  |2 ddc 
945 |a dcastane  |d 20191111 01:17:00 
952 |0 0  |1 0  |2 ddc  |4 0  |6 657_480000000000000_GRA_2019  |7 0  |8 R  |9 495135  |a BIBGIM  |b BIBGIM  |c RES  |d 2019-12-23  |e 22  |g 44000.00  |i 5570476  |l 2  |o 657.48 GRA 2019  |p 5570476  |r 2025-01-15  |s 2022-11-04  |t 2  |v 44000.00  |w 2019-12-23  |y BK_R 
952 |0 0  |1 0  |2 ddc  |4 0  |6 657_480000000000000_GRA_2019  |7 0  |8 R  |9 495136  |a BIBGIM  |b BIBGIM  |c RES  |d 2019-12-23  |e 22  |g 44000.00  |i 5570468  |l 1  |o 657.48 GRA 2019  |p 5570468  |r 2025-01-15  |s 2022-06-23  |t 1  |v 44000.00  |w 2019-12-23  |y BK_R 
952 |0 0  |1 0  |2 ddc  |4 0  |6 657_480000000000000_GRA_2019  |7 0  |8 R  |9 495137  |a BIBGIM  |b BIBGIM  |c RES  |d 2019-12-23  |e 22  |g 44000.00  |i 5570484  |o 657.48 GRA 2019  |p 5570484  |r 2025-01-15  |t 3  |v 44000.00  |w 2019-12-23  |y BK_R 
952 |0 0  |1 0  |2 ddc  |4 0  |6 657_480000000000000_GRA_2019  |7 0  |8 R  |9 495138  |a BIBGIM  |b BIBGIM  |c RES  |d 2019-12-23  |e 22  |g 44000.00  |i 5570492  |l 1  |o 657.48 GRA 2019  |p 5570492  |r 2025-04-14  |s 2025-04-11  |t 4  |v 44000.00  |w 2019-12-23  |y BK_R 
952 |0 0  |1 0  |2 ddc  |4 0  |6 657_480000000000000_GRA_2019  |7 0  |8 R  |9 495139  |a BIBGIM  |b BIBGIM  |c RES  |d 2019-12-23  |e 22  |g 44000.00  |i 5570506  |l 1  |o 657.48 GRA 2019  |p 5570506  |r 2025-01-15  |s 2022-11-07  |t 5  |v 44000.00  |w 2019-12-23  |y BK_R 
952 |0 0  |1 0  |2 ddc  |3 erb  |4 0  |6 657_480000000000000_GRA_2019  |7 0  |8 A  |9 495436  |a BIBDER  |b BIBDER  |i 5564859  |l 1  |o 657.48 GRA 2019  |p 5564859  |r 2024-08-09  |s 2024-08-06  |t 6  |w 2020-01-06  |y BK  |z Catalogado en:20191111  |k DER 
952 |0 0  |1 0  |2 ddc  |4 0  |6 657_480000000000000_GRA_2019  |7 0  |8 R  |9 581715  |a BIBGIM  |b BIBGIM  |c RES  |d 2022-03-07  |e 31  |g 39627.00  |i 5649579  |l 1  |o 657.48 GRA 2019  |p 5649579  |r 2025-01-15  |s 2023-12-19  |t 16  |v 39627.00  |w 2022-03-07  |y BK_R  |k COM 
952 |0 0  |1 0  |2 ddc  |4 0  |6 657_480000000000000_GRA_2019  |7 0  |8 R  |9 581716  |a BIBGIM  |b BIBGIM  |c RES  |d 2022-03-07  |e 31  |g 39627.00  |i 5649544  |l 1  |o 657.48 GRA 2019  |p 5649544  |r 2025-01-15  |s 2022-10-11  |t 13  |v 39627.00  |w 2022-03-07  |y BK_R  |k COM 
952 |0 0  |1 0  |2 ddc  |4 0  |6 657_480000000000000_GRA_2019  |7 0  |8 R  |9 581717  |a BIBGIM  |b BIBGIM  |c RES  |d 2022-03-07  |e 31  |g 39627.00  |i 5649560  |o 657.48 GRA 2019  |p 5649560  |r 2025-01-15  |t 15  |v 39627.00  |w 2022-03-07  |y BK_R  |k COM 
952 |0 0  |1 0  |2 ddc  |4 0  |6 657_480000000000000_GRA_2019  |7 0  |8 R  |9 581718  |a BIBGIM  |b BIBGIM  |c RES  |d 2022-03-07  |e 31  |g 39627.00  |i 564948K  |o 657.48 GRA 2019  |p 564948K  |r 2025-01-15  |t 7  |v 39627.00  |w 2022-03-07  |y BK_R  |k COM 
952 |0 0  |1 0  |2 ddc  |4 0  |6 657_480000000000000_GRA_2019  |7 0  |8 R  |9 581719  |a BIBGIM  |b BIBGIM  |c RES  |d 2022-03-07  |e 31  |g 39627.00  |i 5649552  |l 1  |o 657.48 GRA 2019  |p 5649552  |r 2025-01-15  |s 2024-04-15  |t 14  |v 39627.00  |w 2022-03-07  |y BK_R  |k COM 
952 |0 0  |1 0  |2 ddc  |4 0  |6 657_480000000000000_GRA_2019  |7 0  |8 R  |9 581720  |a BIBGIM  |b BIBGIM  |c RES  |d 2022-03-07  |e 31  |g 39627.00  |i 5649501  |o 657.48 GRA 2019  |p 5649501  |r 2025-01-15  |t 9  |v 39627.00  |w 2022-03-07  |y BK_R  |k COM 
952 |0 0  |1 0  |2 ddc  |4 0  |6 657_480000000000000_GRA_2019  |7 0  |8 R  |9 581721  |a BIBGIM  |b BIBGIM  |c RES  |d 2022-03-07  |e 31  |g 39627.00  |i 5649528  |l 2  |m 1  |o 657.48 GRA 2019  |p 5649528  |r 2025-01-15  |s 2024-06-28  |t 11  |v 39627.00  |w 2022-03-07  |y BK_R  |k COM 
952 |0 0  |1 0  |2 ddc  |4 0  |6 657_480000000000000_GRA_2019  |7 0  |8 R  |9 581722  |a BIBGIM  |b BIBGIM  |c RES  |d 2022-03-07  |e 31  |g 39627.00  |i 5649498  |l 1  |o 657.48 GRA 2019  |p 5649498  |r 2025-01-15  |s 2024-08-07  |t 8  |v 39627.00  |w 2022-03-07  |y BK_R  |k COM 
952 |0 0  |1 0  |2 ddc  |4 0  |6 657_480000000000000_GRA_2019  |7 0  |8 R  |9 581723  |a BIBGIM  |b BIBGIM  |c RES  |d 2022-03-07  |e 31  |g 39627.00  |i 5649536  |o 657.48 GRA 2019  |p 5649536  |r 2025-01-15  |t 12  |v 39627.00  |w 2022-03-07  |y BK_R  |k COM 
952 |0 0  |1 0  |2 ddc  |4 0  |6 657_480000000000000_GRA_2019  |7 0  |8 R  |9 581724  |a BIBGIM  |b BIBGIM  |c RES  |d 2022-03-07  |e 31  |g 39627.00  |i 564951K  |o 657.48 GRA 2019  |p 564951K  |r 2025-01-15  |t 10  |v 39627.00  |w 2022-03-07  |y BK_R  |k COM